000 00406nam a2200193Ia 4500
001 11577
003 GE_BSU
008 181216s||||||||xx |||||||||||||| ||und||
020 _a9780755348947
040 _cGE_BSU
100 _aHislop,Victoria
245 4 _aThe Return
260 _aLondon
260 _bHeadline review
260 _c2009
300 _a582p;20cm.
653 _aThe Return
942 _cBK
999 _c44772
_d44772